| 000 | 00809cam a22002891 4500 | ||
|---|---|---|---|
| 001 | 32827 | ||
| 003 | BD-RjUL | ||
| 005 | 20211209051912.0 | ||
| 008 | 140428s1959 e 001 0 eng d | ||
| 035 | _a(BD-RjUL)32917 | ||
| 035 | _a(OCoLC)376623 | ||
| 040 |
_aDLC _cODaWU _dOCoLC _dNBrockU _dOCoLC _dBD-RjUL _beng |
||
| 041 | _aeng | ||
| 082 |
_a170.9 _bBRH 1959 |
||
| 100 | 1 |
_aBrinton, Crane _d1898-1968. _952938 |
|
| 245 | 1 | 2 |
_aA history of Western morals / _cBrinton, Crane |
| 250 | _a[1st ed.] | ||
| 260 |
_aLondon : _bWeidenfeld and Nicolson, _c1959. |
||
| 300 |
_a[10] 504 p. ; _c25 cm. |
||
| 504 | _aIncludes index. | ||
| 650 | 0 |
_aMoral conditions. _963511 |
|
| 650 | 0 |
_aEthics _xHistory. _999813 |
|
| 740 | 0 | _aWestern morals. | |
| 942 |
_2ddc _cBK |
||
| 999 |
_c32827 _d32827 |
||